000 00682nam a2200253Ia 4500
001 42465
005 20240114003506.0
007 ta
008 080627s1950 g b000 u 903 u
020 _cHB
040 _aCotton Cpllege Assam
041 _a903
082 _a025.4
_bSa 99 In
100 _aSayers, W C Berwick .
245 0 _aAn introduction to library Classification /
_cW C Berwick Sayers.
_hTextual Documents
250 _aviii rev ed /
260 _aLondon :
_bGrafton &Co ,
_c1950.
300 _a314pg ;
653 _alibrary Classification
653 _aT/G-library Classification
942 _2ddc
_cBK
999 _c42431
_d42431